Một số sai sót trong Bộ luật Hình sự năm 2015 /

Spremljeno u:
Bibliografski detalji
Glavni autor: Đỗ Lường Thiện.
Format: Članak
Jezik:Vietnamese
Teme:
Oznake: Dodaj oznaku
Bez oznaka, Budi prvi tko označuje ovaj zapis!
Thư viện lưu trữ: Thư viện Trường Đại học Đà Lạt
LEADER 00804nam a2200277 4500
001 DLU180188207
005 ##20181026
040 # # |a DLU  |b vie 
041 # # |a vie 
044 # # |a vn 
100 # # |a Đỗ Lường Thiện. 
245 # # |a Một số sai sót trong Bộ luật Hình sự năm 2015 /  |c Đỗ Lường Thiện. 
653 # # |a Áp dụng 
653 # # |a Bổ sung 
653 # # |a Bộ luật Hình sự năm 2015 
653 # # |a Sửa đổi 
773 # # |t Nhà nước và pháp luật  |g Số 7(339), 2016, tr. 35-39 
920 # # |a Phòng Tạp chí -- Trung tâm Thông tin - Thư viện Trường Đại học Đà Lạt 
994 # # |a DLU 
900 # # |a True 
911 # # |a Hoàng Thị Huyền 
925 # # |a G 
926 # # |a A 
927 # # |a BB 
980 # # |a Thư viện Trường Đại học Đà Lạt